[Event "Dvorkovich Memorial Rapid 2018"]
[Site "Taganrog"]
[Date "2018.01.13"]
[Round "6.23"]
[White "Bykov, Egor"]
[Black "Garkushin, Artem"]
[Result "1-0"]
[WhiteElo "2346"]
[BlackElo "2088"]
[Annotator "NA"]
[PlyCount "80"]
[EventDate "2018.??.??"]
[EventType "swiss"]
[EventCountry "RUS"]
[SourceTitle "playchess.com"]
[Source "ChessBase"]
[SourceQuality "1"]
[TimeControl "900+10"]

1. d4 {[%emt 0:00:00]} Nf6 {[%emt 0:00:13]} 2. c4 {[%emt 0:00:01]} c5 {[%emt 0:00:04]} 3. d5 {[%emt 0:00:00]} g6 {[%emt 0:00:02]} 4. Nc3 {[%emt 0:00:02]} Bg7 {[%emt 0:00:00]} 5. Nf3 {[%emt 0:00:27]} O-O {[%emt 0:00:03]} 6. e4 {[%emt 0:00:18]} d6 {[%emt 0:00:05]} 7. h3 {[%emt 0:00:45]} e6 {[%emt 0:00:01]} 8. Be2 {[%emt 0:00:20]} exd5 {[%emt 0:00:01]} 9. exd5 {[%emt 0:00:08]} a6 {[%emt 0:00:10]} 10. a4 {[%emt 0:00:47]} Re8 {[%emt 0:00:07]} 11. O-O {[%emt 0:00:04]} Nbd7 {[%emt 0:01:09]} 12. Re1 {[%emt 0:01:13]} Ne4 {[%emt 0:00:25]} 13. Nxe4 {[%emt 0:00:55]} Rxe4 {[%emt 0:00:03]} 14. Qc2 {[%emt 0:01:11]} Nf6 {[%emt 0:00:12]} 15. Bg5 {[%emt 0:00:45]} Bf5 {[%emt 0:00:23]} 16. Bd3 {[%emt 0:02:02]} Rxe1+ {[%emt 0:00:10]} 17. Rxe1 {[%emt 0:00:01]} Bxd3 {[%emt 0:00:03]} 18. Qxd3 {[%emt 0:00:02]} Qd7 {[%emt 0:00:07]} 19. b3 {[%emt 0:00:48]} Re8 {[%emt 0:00:09]} 20. Rxe8+ {[%emt 0:03:16]} Qxe8 {[%emt 0:01:22]} 21. Kf1 {[%emt 0:00:28]} Ne4 {[%emt 0:01:19]} 22. Qe3 {[%emt 0:00:37]} f5 {[%emt 0:00:03]} 23. Bf4 {[%emt 0:00:16]} b5 {[%emt 0:00:13]} 24. axb5 {[%emt 0:01:30]} axb5 {[%emt 0:00:01]} 25. Ng5 {[%emt 0:00:28]} Bd4 {[%emt 0:00:31]} 26. Nxe4 {[%emt 0:00:15]} fxe4 {[%emt 0:00:13]} 27. Qe2 {[%emt 0:00:37]} bxc4 {[%emt 0:00:15]} 28. bxc4 {[%emt 0:00:28]} Qe7 {[%emt 0:00:28]} 29. g4 {[%emt 0:00:54]} Kf7 {[%emt 0:00:25]} 30. Kg2 {[%emt 0:00:24]} Kg8 {[%emt 0:01:08]} 31. Kf1 {[%emt 0:00:39]} Kf7 {[%emt 0:00:05]} 32. Qe1 {[%emt 0:00:29]} Kg8 {[%emt 0:00:25]} 33. Qb1 {[%emt 0:00:10]} Kf7 {[%emt 0:00:33]} 34. Ke2 {[%emt 0:00:10]} Be5 {[%emt 0:01:03]} 35. Be3 {[%emt 0:00:07]} Bd4 {[%emt 0:00:10]} 36. Bf4 {[%emt 0:00:03]} Be5 {[%emt 0:00:07]} 37. Bd2 {[%emt 0:00:16]} Bd4 {[%emt 0:00:10]} 38. Bf4 {[%emt 0:00:14]} Be5 {[%emt 0:00:05]} 39. Bd2 {[%emt 0:00:03]} Bd4 {[%emt 0:00:01]} 40. g5 {[%emt 0:00:07]} Qe5 1-0

[Event "Dvorkovich Memorial Rapid 2018"]
[Site "Taganrog"]
[Date "2018.01.13"]
[Round "6.24"]
[White "Kornyukov, Alexey"]
[Black "Bogdanov, Rodion"]
[Result "1-0"]
[WhiteElo "2452"]
[BlackElo "1879"]
[Annotator "TA"]
[PlyCount "61"]
[EventDate "2018.??.??"]
[EventType "swiss"]
[EventCountry "RUS"]
[SourceTitle "playchess.com"]
[Source "ChessBase"]
[SourceQuality "1"]

{[%evp 18,61,53,37,56,43,64,27,72,72,72,72,72,69,74,69,267,264,302,296,331,307,348,340,380,375,384,380,360,347,385,390,386,368,396,377,607,620,720,709,811,812,804,718,1319,1313]} 1. d4 d6 2. e4 Nd7 3. c4 e5 4. Nf3 Ngf6 5. Nc3 c6 6. g3 Be7 7. Bg2 O-O 8. O-O Qc7 9. h3 Re8 10. Re1 {LiveBook: 10 Partien. A55: Altindisch} (10. d5 Nc5 11. Ne1 a5 12. Be3 cxd5 13. cxd5 Bd7 14. a4 Qb6 15. Nd3 Bf8 16. Nxc5 dxc5 17. Qc2 Rac8 {1-0 (35) Panelo Munoz,M (2388)-Uribe Arteaga,D (2316) Vallfogona de Balague 2017}) 10... Nf8 11. Be3 Ne6 12. Qd2 $146 {Weiß steht etwas besser.} ({Vorgänger:} 12. d5 cxd5 13. cxd5 Nc5 14. Nh4 Bd7 15. Rc1 Qc8 {1-0 (54) Drozdowski,K (1626)-Nolf,F (748) LSS email 2010}) 12... exd4 13. Nxd4 Nxd4 14. Bxd4 Be6 15. b3 Nd7 16. f4 {Und weiter mit f5 wäre nett.} Bf6 $2 {[#]} (16... f6 $14) 17. f5 $18 Ne5 18. fxe6 fxe6 19. Rad1 Qf7 20. Rf1 Qg6 21. Ne2 {[%cal Bc3e2,Be2f4,Bf4h5][%mdl 32]} c5 22. Be3 {[%cal Bd4e3,Be3f4,Bf4d6,Bd6c5][%mdl 32]} Rad8 23. g4 h6 24. Nf4 Qh7 25. Nh5 Bh4 26. Bf4 Nc6 $2 (26... Qg6 27. Qc3 Bf6 28. Nxf6+ gxf6) 27. Bxd6 {Weiß steht klar auf Gewinn.} Nd4 28. e5 Rd7 29. Kh1 Bg5 30. Qf2 {[#] Weiss droht Df8+! und Matt.} Qg6 31. Bxc5 {Precision: Weiß = 86%, Schwarz = 26%.} 1-0

[Event "Dvorkovich Memorial Rapid 2018"]
[Site "Taganrog"]
[Date "2018.01.13"]
[Round "6.25"]
[White "Kotenko, Pavel"]
[Black "Simonyan, Grigori"]
[Result "0-1"]
[WhiteElo "2403"]
[BlackElo "2075"]
[Annotator "NA"]
[PlyCount "56"]
[EventDate "2018.??.??"]
[EventType "swiss"]
[EventCountry "RUS"]
[SourceTitle "playchess.com"]
[Source "ChessBase"]
[SourceQuality "1"]
[TimeControl "900+10"]

1. e4 {[%emt 0:15:00]} c5 {[%emt 0:15:10]} 2. Nf3 {[%emt 0:00:10]} e6 {[%emt 0:00:10]} 3. d4 {[%emt 0:00:10]} cxd4 {[%emt 0:00:10]} 4. Nxd4 {[%emt 0:00:10]} Nf6 {[%emt 0:00:10]} 5. Nc3 {[%emt 0:00:00]} d6 {[%emt 0:00:10]} 6. g4 {[%emt 0:00:20]} h6 {[%emt 0:00:10]} 7. Bg2 {[%emt 0:00:10]} a6 {[%emt 0:00:10]} 8. h3 {[%emt 0:00:10]} Nc6 {[%emt 0:00:10]} 9. Be3 {[%emt 0:00:10]} g5 {[%emt 0:00:10]} 10. Qe2 {[%emt 0:00:10]} Bd7 {[%emt 0:00:10]} 11. O-O-O {[%emt 0:00:10]} Rc8 {[%emt 0:00:10]} 12. Nxc6 {[%emt 0:00:10]} Bxc6 {[%emt 0:00:10]} 13. h4 {[%emt 0:00:10]} gxh4 {[%emt 0:00:10]} 14. f4 {[%emt 0:00:10]} Qa5 {[%emt 0:00:10]} 15. Rxh4 {[%emt 0:00:10]} b5 {[%emt 0:00:10]} 16. Bd4 {[%emt 0:00:10]} Bg7 {[%emt 0:00:10]} 17. Kb1 {[%emt 0:00:10]} b4 {[%emt 0:00:10]} 18. Nd5 {[%emt 0:00:10]} Bb5 {[%emt 0:00:10]} 19. Nxf6+ {[%emt 0:00:10]} Bxf6 {[%emt 0:00:10]} 20. Qd2 {[%emt 0:00:10]} e5 {[%emt 0:00:10]} 21. fxe5 {[%emt 0:00:10]} Bxh4 {[%emt 0:00:10]} 22. exd6 {[%emt 0:00:10]} Bg5 {[%emt 0:00:10]} 23. Qf2 {[%emt 0:00:10]} Rg8 {[%emt 0:00:10]} 24. e5 {[%emt 0:00:10]} Bd7 {[%emt 0:00:10]} 25. Bb6 {[%emt 0:00:10]} Qb5 {[%emt 0:00:10]} 26. Bd5 {[%emt 0:00:10]} Rf8 {[%emt 0:00:10]} 27. e6 {[%emt 0:00:10]} fxe6 {[%emt 0:00:10]} 28. Qd4 {[%emt 0:00:10]} Qxd5 {[%emt 0:00:10]} 0-1

[Event "Dvorkovich Memorial Rapid 2018"]
[Site "Taganrog"]
[Date "2018.01.13"]
[Round "6.26"]
[White "Getman, Tatyana"]
[Black "Chernyavsky, Alexander"]
[Result "0-1"]
[WhiteElo "2106"]
[BlackElo "2326"]
[Annotator "NA"]
[PlyCount "53"]
[EventDate "2018.??.??"]
[EventType "swiss"]
[EventCountry "RUS"]
[SourceTitle "playchess.com"]
[Source "ChessBase"]
[SourceQuality "1"]
[TimeControl "900+10"]

1. d4 {[%emt 0:00:00]} Nf6 {[%emt 0:00:00]} 2. c4 {[%emt 0:00:00]} g6 {[%emt 0:00:01]} 3. Nc3 {[%emt 0:00:00]} Bg7 {[%emt 0:00:01]} 4. e4 {[%emt 0:00:00]} O-O {[%emt 0:00:00]} 5. Nf3 {[%emt 0:00:00]} d6 {[%emt 0:00:00]} 6. d5 {[%emt 0:00:00]} e5 {[%emt 0:00:05]} 7. Be2 {[%emt 0:00:04]} a5 {[%emt 0:00:15]} 8. Qc2 {[%emt 0:00:25]} Na6 {[%emt 0:00:00]} 9. h3 {[%emt 0:00:35]} Nh5 {[%emt 0:00:50]} 10. O-O {[%emt 0:01:49]} f5 {[%emt 0:00:43]} 11. exf5 {[%emt 0:00:02]} Bxf5 {[%emt 0:00:04]} 12. Qd1 {[%emt 0:00:59]} Nf4 {[%emt 0:00:04]} 13. Bxf4 {[%emt 0:00:23]} exf4 {[%emt 0:00:00]} 14. Nd4 {[%emt 0:00:30]} Bxd4 {[%emt 0:05:24]} 15. Qxd4 {[%emt 0:00:02]} Qg5 {[%emt 0:01:45]} 16. Ne4 {[%emt 0:00:39]} Bxe4 {[%emt 0:00:11]} 17. Qxe4 {[%emt 0:00:01]} Rae8 {[%emt 0:00:03]} 18. Qf3 {[%emt 0:00:27]} Qe5 {[%emt 0:00:00]} 19. Bd3 {[%emt 0:02:56]} Qxb2 {[%emt 0:00:00]} 20. Rab1 {[%emt 0:00:13]} Qxa2 {[%emt 0:00:53]} 21. Rxb7 {[%emt 0:00:16]} Re7 {[%emt 0:00:20]} 22. Rbb1 {[%emt 0:05:42]} Nc5 {[%emt 0:00:24]} 23. Rfe1 {[%emt 0:01:31]} Rxe1+ {[%emt 0:00:25]} 24. Rxe1 {[%emt 0:00:01]} Qd2 {[%emt 0:00:15]} 25. Rd1 {[%emt 0:00:16]} Qc3 {[%emt 0:00:00]} 26. h4 {[%emt 0:00:40]} Qe5 {[%emt 0:00:11]} 27. Bc2 {[%emt 0:00:47]} 0-1

[Event "Dvorkovich Memorial Rapid 2018"]
[Site "Taganrog"]
[Date "2018.01.13"]
[Round "6.27"]
[White "Zakaryan, David"]
[Black "Bocharova, Ulyana"]
[Result "1-0"]
[WhiteElo "2420"]
[BlackElo "1874"]
[Annotator "TA"]
[PlyCount "28"]
[EventDate "2018.??.??"]
[EventType "swiss"]
[EventCountry "RUS"]
[SourceTitle "playchess.com"]
[Source "ChessBase"]
[SourceQuality "1"]

{[%evp 13,28,9,19,0,0,-7,0,-18,31,0,181,185,549,291,679,670,680]} 1. d4 d5 2. Nf3 Nf6 3. Bf4 e6 4. Nbd2 Be7 5. e3 O-O 6. Bd3 c5 7. c3 Nbd7 {LiveBook: 10 Games} 8. h4 {D02: 1 d4 d5 2 Nf3 sidelines, including 2...Nf6 3 g3 and 2...Nf6 3 Bf4} (8. Qe2 b6 9. Ne5 Bb7 10. g4 Ne4 11. f3 Bh4+ 12. Bg3 Nxd2 13. Kxd2 cxd4 14. Bxh4 dxc3+ 15. bxc3 Qxh4 16. Nxd7 {0-1 (42) Kovalev,V (2639)-Lewicki,M (2404) Katowice 2017}) 8... b6 9. Qe2 Bb7 10. g4 $146 {[%cal Bg2g4,Bg4f5,Bf5e6][%mdl 32] The position is equal.} ({Predecessor:} 10. Rh3 Ne4 11. Ng5 Ndf6 {1-0 (24) Reichmann,H (2308)-Thiele,M (2237) Germany 2007}) 10... Ne4 11. Ng5 {[%cal Rg5e4]} Nxg5 $2 {[#]} (11... Nef6 $11 {and Black has nothing to worry.}) 12. hxg5 $18 f5 $2 (12... h6) 13. gxf5 Bxg5 $2 (13... Rxf5 14. Bxf5 exf5) 14. fxe6 h6 1-0

[Event "Dvorkovich Memorial Rapid 2018"]
[Site "Taganrog"]
[Date "2018.01.14"]
[Round "8"]
[White "Kokarev, Dmitry"]
[Black "Iljiushenok, Ilia"]
[Result "1-0"]
[WhiteElo "2616"]
[BlackElo "2512"]
[Annotator "TA"]
[PlyCount "97"]
[EventDate "2018.??.??"]
[EventType "swiss"]
[EventCountry "RUS"]
[SourceTitle "playchess.com"]
[Source "ChessBase"]
[SourceQuality "1"]

{[%evp 11,97,-16,28,22,20,27,27,26,26,21,109,115,141,117,119,120,138,131,132,132,133,55,55,55,55,55,55,55,155,55,55,55,55,55,55,55,56,56,107,97,105,105,105,77,105,99,105,105,105,105,105,105,105,105,105,105,105,97,302,118,340,329,317,312,312,310,310,277,335,335,462,462,429,385,439,435,422,358,445,435,795,778,670,618,588,573,1145,1148]} 1. e4 c5 2. Nf3 e6 3. d4 cxd4 4. Nxd4 Nc6 5. Nb5 d6 6. Bf4 Ne5 {LiveBook: 10 Games. B44: Sicilian: Taimanov: 5 Nb5} (6... e5 7. Be3 Nf6 8. Bg5 Be6 9. c4 Be7 10. N1c3 O-O 11. Be2 a6 12. Na3 Nxe4 13. Bxe7 Nxc3 14. Bxd8 Nxd1 15. Bc7 Nxb2 16. Bxd6 Rfd8 {0-1 (27) Leko,P (2730)-Grischuk,A (2783) Beijing 2013}) 7. N1a3 a6 8. Bxe5 $1 dxe5 {White has an edge.} 9. Qxd8+ Kxd8 10. O-O-O+ Bd7 $146 (10... Ke7 $1 $11 {keeps the balance.}) ({Predecessor:} 10... Ke7 11. Nd6 b5 12. c4 b4 13. Nc2 a5 14. c5 {1-0 (44) Wahls,M (2570)-Teske,H (2455) Germany 1992}) 11. Nc4 $1 $16 {[%cal Rc4b6] And now Nb6 would win.} (11. Nd6 $6 Bxd6 12. Rxd6 Nf6 $11) 11... axb5 12. Nxe5 Nf6 {Strongly threatening ...Kc7.} 13. Nxd7 ({Much weaker is} 13. Nxf7+ $6 Ke8 $11) 13... Nxd7 14. Bxb5 Rxa2 15. Kb1 Ra5 16. Bxd7 ({White should try} 16. Rxd7+ $16 Kc8 17. Rhd1 (17. c4 Rxb5 18. Rhd1 Rd5 $17) 17... Rxb5 18. Rd8+ Kc7 19. R1d7+ Kc6 20. Rxf7) 16... Kc7 $14 {White should prevent ...Bd6.} 17. Be8 Bd6 18. Bxf7 Rha8 {[%csl Ga8][%cal Ra5a1]} 19. c3 Ra1+ 20. Kc2 Rxd1 21. Rxd1 {[%mdl 4096] Endgame KRB-KRB} Rf8 22. Bxe6 {aiming for f3.} Rxf2+ 23. Kb3 Rxg2 24. h3 g5 (24... Re2 $14) 25. Rd5 {Black must now prevent e5.} Re2 26. Rxg5 Rxe4 27. Bf5 Rh4 28. Kc2 Be7 29. Rg7 Kd6 30. b4 b6 31. Kb3 Bf6 32. Rb7 Kc6 33. Rf7 Be5 34. Re7 Bh8 $2 {[#]} (34... Bg3 $16 35. Re6+ (35. Rxh7 Rxh7 36. Bxh7 b5 $16) 35... Kc7 36. Re7+ Kc6) 35. Re3 $2 (35. Rxh7 Rxh7 36. Bxh7 Kd6 $16) (35. Re8 $1 $18 {[%cal Re8h8]} Bg7 36. Re6+ Kd5 37. Rxb6) 35... h6 $2 {[#]} (35... Kc7 $16 {was worth a try.} 36. Re7+ Kd6) 36. Re8 $1 $18 {[%cal Re8h8]} Bg7 37. Re6+ Kd5 38. Rxb6 Rf4 39. Rg6 Be5 40. Be6+ ({Not} 40. Rxh6 Rxf5 41. c4+ Ke4 $11) 40... Kd6 41. Rxh6 Bg7 42. Rg6 Bf6 43. Bg4 Kc7 44. Rg8 Re4 45. Rc8+ {White is clearly winning.} Kb6 (45... Kb7 $142 46. Rf8 Rf4) 46. Bf3 Rf4 47. Rc6+ Ka7 48. Bd5 Be5 49. Re6 {Precision: White = 74%, Black = 40%.} 1-0

[Event "Dvorkovich Memorial Rapid 2018"]
[Site "Taganrog"]
[Date "2018.01.14"]
[Round "8"]
[White "Paravyan, David"]
[Black "Anikonov, Dmitry"]
[Result "1-0"]
[WhiteElo "2603"]
[BlackElo "2407"]
[Annotator "TA"]
[PlyCount "99"]
[EventDate "2018.??.??"]
[EventType "swiss"]
[EventCountry "RUS"]
[SourceTitle "playchess.com"]
[Source "ChessBase"]
[SourceQuality "1"]

{[%evp 11,99,136,148,24,56,62,80,83,77,73,81,75,92,90,113,114,119,120,133,137,130,137,137,137,134,134,137,118,114,114,122,115,139,131,186,181,173,166,185,181,232,204,256,248,239,246,244,244,216,231,225,153,158,166,233,230,343,336,422,408,666,657,638,622,797,781,751,745,1306,1193,5127,732,873,853,838,812,754,737,5595,5193,29973,29975,29975,29976,29975,29976,29978,29979,29979,29980]} 1. Nf3 d6 2. d4 Nc6 3. d5 Ne5 4. Nxe5 dxe5 5. e4 e6 6. Bb5+ {A41: 1 d4 d6: Tartakower System and Modern Defence} Bd7 {[#] LiveBook: 9 Games} 7. Bc4 (7. dxe6 $1 $16 Bxb5 8. Qh5 Bb4+ 9. Bd2) (7. Bxd7+ Qxd7 8. dxe6 Qxe6 9. Qe2 c6 10. O-O Nf6 11. Bg5 h6 12. Bxf6 Qxf6 13. Rd1 Bc5 14. c3 O-O 15. Nd2 Rfd8 16. b4 Bb6 17. Nc4 Rxd1+ 18. Rxd1 Rd8 19. Rxd8+ Qxd8 20. Nxb6 {½-½ (20) Christiansen,L (2625)-Miles,A (2595) Groningen 1992}) 7... Nf6 8. dxe6 {White is slightly better.} Bxe6 9. Qxd8+ Rxd8 10. Bxe6 fxe6 11. f3 Bc5 12. Nd2 $146 ({Predecessor:} 12. Ke2 Nh5 13. g3 O-O {½-½ (59) Kavlie Jorgensen,O-Prins,L Stockholm 1937}) 12... b5 13. a4 a6 14. Ke2 Ke7 15. Nb3 Bb6 16. Bd2 Ra8 17. Bb4+ Kf7 18. Rhd1 Rhd8 19. axb5 axb5 20. Rxa8 Rxa8 21. Bc3 c5 22. Bxe5 c4 (22... Ra2 $16 {was necessary.} 23. c4 bxc4) 23. Nd4 $18 Nd7 24. Bf4 Bxd4 25. Rxd4 {[%mdl 4096] Endgame KRB-KRN} Nc5 (25... Ke8 {might work better.}) 26. Be5 Ra2 27. Rd8 Na4 28. Rd7+ Ke8 29. Rxg7 Nxb2 30. Ke3 ({Weaker is} 30. Rxh7 Nd3 $14) 30... Na4 31. Rb7 {Kd2 is the strong threat.} Rxc2 32. Rxb5 c3 (32... Rxg2 $142 33. Rb8+ Ke7 34. Rb7+ Kd8 35. Bf6+ (35. Rxh7 c3 $18) 35... Kc8) 33. g4 Nb2 (33... Rg2 $142 34. Rb7 c2) 34. Rb8+ Kf7 35. Rb7+ Kg8 (35... Ke8 $142 36. Rxh7 Nd1+ 37. Kf4 Re2) 36. Rg7+ Kf8 {aiming for ...Nc4+.} 37. Rxh7 Rd2 {And now ...Nc4+ would win.} 38. Rc7 Nd1+ 39. Kf4 c2 40. h4 Rg2 41. h5 (41. Kg5 $142 Ke8 42. h5) 41... Nf2 42. Ke3 Nd1+ 43. Kd3 Nf2+ 44. Kd4 Nd1 45. Bf4 Rf2 46. h6 {White mates.} Rxf3 47. h7 {[%cal Rh7h8]} Rh3 48. Rc8+ Kg7 {[#]} 49. h8=Q+ $1 {[%mdl 512]} Rxh8 50. Be5+ {Precision: White = 78%, Black = 45%.} 1-0

[Event "Dvorkovich Memorial Rapid 2018"]
[Site "Taganrog"]
[Date "2018.01.14"]
[Round "8"]
[White "Esipenko, Andrey"]
[Black "Savitskiy, Sergey"]
[Result "1-0"]
[WhiteElo "2571"]
[BlackElo "2415"]
[Annotator "TA"]
[PlyCount "73"]
[EventDate "2018.??.??"]
[EventType "swiss"]
[EventCountry "RUS"]
[SourceTitle "playchess.com"]
[Source "ChessBase"]
[SourceQuality "1"]

{[%evp 13,73,58,54,18,29,15,15,17,9,7,16,11,75,77,83,67,83,81,101,83,87,90,127,129,170,165,184,182,225,219,214,177,201,139,136,81,168,158,167,135,145,139,193,185,212,191,244,239,236,246,535,535,626,620,614,610,701,714,696,693,687,664]} 1. d4 g6 2. c4 Bg7 3. Nc3 d6 4. e4 {[%cal Be2e4,Be4e5][%mdl 32]} Nf6 5. Nf3 O-O 6. h3 a6 7. Be3 c6 8. e5 {E90: King's Indian: Classical: Early deviations and 6 h3} Ne8 9. Be2 Nd7 10. exd6 {The position is equal.} Nxd6 11. O-O Nf5 12. Bf4 $146 ({Predecessor:} 12. Bg5 h6 13. Bf4 g5 14. Bh2 Qb6 15. Na4 Qa5 {1-0 (39) Bluvshtein,M (2558)-Panjwani,R (2350) Edmonton 2009}) 12... Nxd4 (12... Re8 $11 {remains equal.}) 13. Nxd4 $16 {[#] Threatens to win with Nb3.} e5 14. Ne6 fxe6 15. Be3 e4 16. Qc2 $36 {[%mdl 3072] White has strong compensation. White is really pushing.} Nf6 17. Rad1 Qe7 18. Na4 e5 19. Bc5 Qf7 20. Bxf8 Qxf8 21. Nb6 Rb8 22. Nxc8 Rxc8 23. Rfe1 Qc5 24. Bf1 (24. Qc3 $142) 24... Rf8 (24... Bh6 $16) 25. Qd2 $18 a5 26. Qe3 Qxe3 27. Rxe3 Re8 (27... Bh6 $16) 28. Ra3 b6 29. Rb3 Rb8 (29... e3 {is a better defense.} 30. Rxb6 exf2+ 31. Kxf2 c5) 30. Rd6 a4 31. Ra3 b5 $2 {[#]} (31... Rc8 32. Be2 Ne8) 32. Rxc6 {White is clearly winning.} bxc4 33. Bxc4+ Kh8 34. Rxa4 h5 35. Ra7 e3 36. fxe3 Bh6 37. Ra3 {Precision: White = 78%, Black = 28%.} 1-0

[Event "Dvorkovich Memorial Rapid 2018"]
[Site "Taganrog"]
[Date "2018.01.14"]
[Round "8"]
[White "Pridorozhni, Aleksei"]
[Black "Sarana, Alexey"]
[Result "1/2-1/2"]
[WhiteElo "2571"]
[BlackElo "2562"]
[Annotator "TA"]
[PlyCount "210"]
[EventDate "2018.??.??"]
[EventType "swiss"]
[EventCountry "RUS"]
[SourceTitle "playchess.com"]
[Source "ChessBase"]
[SourceQuality "1"]

{[%evp 16,210,0,-12,22,14,13,11,11,11,14,12,20,15,33,32,64,54,54,58,60,53,64,62,62,63,66,30,30,30,26,11,12,7,7,7,7,7,7,8,8,7,0,0,75,-14,0,0,0,0,0,0,0,0,0,0,0,0,0,0,0,0,0,0,37,39,46,46,45,46,51,29,39,0,0,0,0,0,0,0,0,0,0,0,20,14,9,0,8,0,0,-8,0,0,0,0,0,0,0,0,0,0,0,0,0,0,0,0,23,23,23,23,23,23,23,23,23,23,23,23,23,23,23,23,23,23,23,23,23,23,23,23,23,23,23,1,1,1,1,4,15,15,23,22,22,22,23,23,23,23,23,23,23,0,23,23,23,23,23,0,0,0,0,0,0,0,0,0,0,0,0,0,0,0,0,0,0,0,0,0,0,0,0,0,0,0,0,0,0,0,0,0,0,0,0,0,0]} 1. c4 Nf6 2. Nc3 e5 3. g3 Bb4 4. Bg2 O-O 5. Nf3 Nc6 6. O-O e4 7. Ng5 Bxc3 8. dxc3 Re8 9. Nh3 {LiveBook: 14 Games. A29: English Opening: Four Knights Variation with 4 g3} Qe7 $146 ({Predecessor:} 9... h6 10. Nf4 d6 11. b3 Bf5 12. Nd5 Ne5 13. h3 c6 14. Ne3 Be6 15. f4 exf3 16. exf3 Ng6 17. f4 Bc8 18. Qd3 Qe7 19. Kh2 Ne4 20. f5 Nf8 {1-0 (57) Reshetnikov,A (2498)-Iljin,A (2537) Sochi 2015}) 10. Nf4 d6 11. Nd5 Nxd5 12. cxd5 Nb8 13. Be3 Nd7 14. Bd4 Nf6 15. c4 $36 {[%mdl 2048] White has some pressure.} Bf5 16. Qb3 b6 17. Qc3 Bg6 18. f4 {Black must now prevent Bxf6.} Bf5 19. h3 h5 20. e3 Rac8 21. Bxf6 (21. b3 {is interesting.} a5 22. Qb2 a4 23. Qe2 Bd7 24. Rac1) 21... Qxf6 22. Qxf6 gxf6 23. Rfd1 Bd7 24. Kf2 f5 25. Bf1 Kg7 26. Be2 Kg6 27. b4 {[%cal Bb2b4,Bb4c5][%mdl 32]} Ra8 28. c5 bxc5 29. bxc5 Reb8 (29... dxc5 $11 30. Rac1 Reb8) 30. Rd2 (30. c6 $16 Be8 31. Rdb1) 30... Bb5 31. Rc1 Bxe2 32. Kxe2 $11 {[%mdl 4096] Endgame KRR-KRR} Rb5 33. cxd6 cxd6 34. Rc6 Rb6 35. a4 Kf6 36. Rdc2 Rab8 37. a5 Rxc6 38. Rxc6 {KR-KR} Rb2+ 39. Kd1 Rb5 40. Rxd6+ Ke7 41. Ra6 Rxd5+ 42. Ke2 Rd7 43. Rh6 $1 Rd5 44. Rxh5 Rxa5 45. g4 Kf6 46. Rh6+ Kg7 47. Rd6 (47. g5 {is more complex.} Ra2+ 48. Ke1 Ra1+ 49. Kd2 Ra2+ 50. Kd1) 47... Ra2+ 48. Rd2 Ra1 49. Rd5 Ra2+ 50. Ke1 Ra1+ 51. Ke2 Ra2+ 52. Rd2 Ra1 53. gxf5 Kf6 54. Rd6+ Kxf5 55. Rd5+ Kg6 56. Rg5+ Kf6 57. Re5 Ra2+ 58. Kf1 Rh2 59. Rxe4 Rxh3 60. Kg2 Rh5 61. Rc4 Rb5 62. Rc6+ Kg7 63. Ra6 f5 64. Rxa7+ Kf6 65. Ra6+ Kf7 66. Kf3 Rb3 67. Ke2 Rc3 68. Kd2 Rb3 69. Rc6 Ra3 70. Rc3 Ra8 71. Rc5 Ke6 72. Kd3 Rd8+ 73. Kc4 Rd1 74. Re5+ Kf6 75. Rd5 Rc1+ 76. Kd4 {Black should prevent Rd6+.} Rd1+ 77. Kc5 Rc1+ 78. Kb4 Ke6 79. Re5+ (79. Rd3 {with more complications.} Rb1+ 80. Kc3 Rc1+ 81. Kd4 Rf1 82. Ra3) 79... Kf6 80. Rc5 Re1 81. Rc6+ Kf7 82. Rc3 Ke6 83. Kc4 Rd1 84. Rd3 Rc1+ 85. Kd4 Ra1 86. Rd2 Ra8 87. Kd3 Rd8+ {The position is equal.} 88. Ke2 Rxd2+ 89. Kxd2 {KPP-KP} Kd6 $1 90. Ke2 {[#] Hoping for Kd2.} Ke6 91. Kf3 Kf6 92. Kf2 Kf7 93. Ke1 {Kd2 is the strong threat.} Ke7 94. Kd2 (94. Kd1 $5 {[%cal Rd1c2]}) 94... Kd6 95. Kd3 Kd5 96. e4+ fxe4+ {KP-KP} 97. Ke3 Ke6 98. Kxe4 {KP-K} Kf6 99. f5 {[%cal Bf4f5,Bf5f6][%mdl 32]} Kf7 100. Ke5 Ke7 101. f6+ Kf7 102. Kf5 Kf8 103. Ke6 {[#] Threatening mate with f7.} Ke8 104. f7+ Kf8 105. Kd7 {Intending Ke6 and mate.} Kxf7 {Precision: White = 66%, Black = 78%.} 1/2-1/2